000 00746nam a22002537a 4500
005 20170124105911.0
010 _aB-167455
020 _c450.00
_a9788180692123
035 _aB-167455
037 _bCen Lib/Ret
040 _aDPL
_bEN
082 _a305.231
_bPAN
100 _aPankajam, G.
_997546
245 _aKnow your child /
_cby G. Pankajam
260 _aNew Delhi
_bConcept Publishing Company
_c2005
270 _aA/15-16, Commercial Block, Mohan Garden
_bNew Delhi
_e110059
300 _a265p.
_c20cm(Hb)
500 _aIncludes bibliography and index
650 _aChild development
_9895
650 _aChild care
_x
_9896
650 _v
_9138845
650 _v
_9138846
942 _2ddc
_cEN
_h305.231
_mPAN
999 _c122483
_d122483